=LDR 00000nam 2200000 4500 =001 NUTBA000000000003047 =005 20230109083708 =035 ##$$a 0010-071400000000235 =008 230109################g##########0#ind## =020 ##$$a 978-979-29-1771-0 =040 ##$$a NBPDMAT =082 ##$$a 373.076 =090 ##$$a 373.076 $b Agu b =100 ##$$a Agus Kamaludin =245 1#$$a Buku saku sakti UAN SMA IPS : $b (Matematika, bahasa Indonesia sosiologi) /$c Agus Komaludin =260 ##$$a Yogyakarta :$b Andi,$c 2010 =300 ##$$a viii, 390 hlm. : $b ilus. ; $c 15 x 10 cm. =650 #4$$a Pendidikan menengah - studi dan pengajaran =084 ##$$a 373.076 AGU b =250 ##$$a Ed.1 =504 ##$$a Bibliografi hlm. 389-390 =990 ##$$a 0001/BPAP-NTB/20142014 =990 ##$$a 01201712746 =990 ##$$a 21405198 =990 ##$$a 21405198 =990 ##$$a 0001/BPAP-NTB/20142014 =990 ##$$a 01201712746 =990 ##$$a 21405199 =990 ##$$a 0001/BPAP-NTB/20142014 =990 ##$$a 21405198 =990 ##$$a 21405198 =990 ##$$a 0001/BPAP-NTB/20142014 =990 ##$$a 21405199 =990 ##$$a 21405200 =990 ##$$a 21405199 =990 ##$$a 21405198 =990 ##$$a 21405199 =990 ##$$a 21405200 =990 ##$$a 21405198